[Event "VII Memorial Roberto Magari A"]
[Site "Siena ITA"]
[Date "2002.11.03"]
[Round "6"]
[White "Lotti, Fabio"]
[Black "Bighiu, Gheorghe"]
[Result "0-1"]
[WhiteElo "2040"]
[BlackElo "1777"]
[PlyCount "110"]
[EventDate "2002.11.01"]

1. d4 d5 2. Nf3 Nf6 3. e3 Bg4 4. Be2 e6 5. Nbd2 Be7 6. b3 O-O 7. O-O Nbd7 8.
Bb2 c5 9. Ne5 Bxe2 10. Qxe2 Nxe5 11. dxe5 Nd7 12. c4 f5 13. f4 Qc7 14. Nf3 Nb6
15. Rfd1 dxc4 16. bxc4 Rfd8 17. Rac1 Rxd1+ 18. Qxd1 Rd8 19. Qb3 Qd7 20. Kf2 Qd3
21. Qxd3 Rxd3 22. Ke2 Rd7 23. h3 h6 24. g4 g6 25. gxf5 gxf5 26. e4 fxe4 27. Nd2
Rd3 28. Rc3 Rxc3 29. Bxc3 Kf7 30. Ba5 Nc8 31. Nxe4 b6 32. Be1 Kg6 33. Kf3 a6
34. a4 Na7 35. Nd6 Bxd6 36. exd6 Kf7 37. Kg4 Ke8 38. Kh5 Nc8 39. Kxh6 Nxd6 40.
Kg6 Nxc4 41. h4 Ne3 42. h5 Nf5 43. Kf6 Kd7 44. Ke5 b5 45. axb5 axb5 46. Bf2 Kc6
47. Kxe6 Ng7+ 48. Ke5 Nxh5 49. f5 b4 50. Be1 Kb5 51. f6 Nxf6 52. Kxf6 b3 53.
Bc3 Kc4 54. Bb2 Kd3 55. Ke5 c4 0-1

[Event "VII Memorial Roberto Magari A"]
[Site "Siena ITA"]
[Date "2002.11.03"]
[Round "6"]
[White "Mazzotti, Federico"]
[Black "Innocenti, Luca"]
[Result "1-0"]
[WhiteElo "1752"]
[BlackElo "1776"]
[PlyCount "77"]
[EventDate "2002.11.01"]

1. e4 c6 2. Nc3 d5 3. Nf3 dxe4 4. Nxe4 Bf5 5. Ng3 Bg6 6. h4 h6 7. Ne5 Bh7 8.
Qf3 Nf6 9. Qb3 Qc7 10. Qxf7+ Kd8 11. Ng6 Bxg6 12. Qxg6 Qe5+ 13. Ne2 c5 14. Qd3+
Nbd7 15. Qb3 Nb6 16. d3 Rc8 17. Bf4 Qf5 18. g3 e5 19. Bh3 Ng4 20. f3 exf4 21.
Bxg4 Qe5 22. Bxc8 Kxc8 23. gxf4 Qe3 24. Qf7 Kb8 25. Qf5 Qxf3 26. Qe5+ Kc8 27.
O-O-O Qc6 28. Qf5+ Kb8 29. Rhg1 a6 30. Rg6 Qb5 31. Nc3 Qa5 32. Qe5+ Ka7 33. Qe6
Na4 34. Nxa4 Qxa4 35. Qb6+ Ka8 36. Qc7 Qxa2 37. Re1 Qa1+ 38. Kd2 Qa4 39. Rb6
1-0

[Event "VII Memorial Roberto Magari A"]
[Site "Siena ITA"]
[Date "2002.11.03"]
[Round "6"]
[White "Nelli, Carlo"]
[Black "Codacci, Jose'"]
[Result "1-0"]
[WhiteElo "1779"]
[BlackElo "1720"]
[PlyCount "21"]
[EventDate "2002.11.01"]

1. e4 d6 2. d4 Nd7 3. Nc3 e6 4. Nf3 h6 5. Be3 Ne7 6. Bc4 c6 7. a4 Qa5 8. Qd2 g5
9. O-O Ng6 10. Ne2 Be7 11. Qxa5 1-0

[Event "VII Memorial Roberto Magari A"]
[Site "Siena ITA"]
[Date "2002.11.03"]
[Round "6"]
[White "Pasotti, Andrea"]
[Black "Traversi, Carlo"]
[Result "1-0"]
[WhiteElo "1705"]
[BlackElo "1537"]
[PlyCount "35"]
[EventDate "2002.11.01"]

1. e4 d5 2. exd5 Qxd5 3. Nc3 Qd8 4. Bc4 Nf6 5. h3 g6 6. Nf3 Bg7 7. d4 c6 8. O-O
O-O 9. Bg5 Nbd7 10. Qd2 Nb6 11. Bb3 Bf5 12. Rad1 Be4 13. Bxf6 Bxf3 14. Bxg7
Kxg7 15. gxf3 Qd7 16. Kg2 f5 17. d5 f4 18. Qd4+ 1-0

[Event "VII Memorial Roberto Magari A"]
[Site "Siena ITA"]
[Date "2002.11.03"]
[Round "6"]
[White "Qvortrup, Jon"]
[Black "Tomba, Ivan"]
[Result "1/2-1/2"]
[WhiteElo "2232"]
[BlackElo "2158"]
[PlyCount "82"]
[EventDate "2002.11.01"]

1. d4 Nf6 2. c4 g6 3. Nc3 Bg7 4. Bg5 O-O 5. Nf3 d6 6. Qc2 c5 7. Rd1 cxd4 8.
Nxd4 Qa5 9. Bxf6 Bxf6 10. e3 Nc6 11. Be2 Bd7 12. O-O Bg7 13. Nd5 Qd8 14. a3 Rc8
15. b4 Ne5 16. Qb3 e6 17. Nc3 Nxc4 18. Bxc4 Qc7 19. Ncb5 Qxc4 20. Qxc4 Rxc4 21.
Nxd6 Rc3 22. Nxb7 Rxa3 23. Nc5 Bc8 24. Ra1 Rxa1 25. Rxa1 Bxd4 26. exd4 a6 27.
Nxa6 Bxa6 28. Rxa6 Rd8 29. Ra1 Rxd4 30. Rb1 Kf8 31. Kf1 Ke7 32. Ke2 Kd6 33. Ke3
e5 34. Rb3 Kc6 35. Rc3+ Kb6 36. Rc8 Rxb4 37. Re8 Kc6 38. Re7 Rf4 39. Rxe5 Rf6
40. f4 Kd6 41. g4 Re6 1/2-1/2

[Event "C.to Mondiale U10"]
[Site "Iraklio GRE"]
[Date "2002.11.17"]
[Round "3"]
[White "Rombaldoni, Axel"]
[Black "Sandeep, Y."]
[Result "0-1"]
[WhiteElo "1669"]
[BlackElo "2019"]
[PlyCount "98"]
[EventDate "2002.11.15"]

1. e4 c5 2. Nf3 d6 3. d4 cxd4 4. Nxd4 Nf6 5. Nc3 a6 6. Bc4 e6 7. Bb3 b5 8. a3
Be7 9. Be3 Bd7 10. Qf3 Nc6 11. O-O-O Ne5 12. Qg3 O-O 13. f4 Nc4 14. Bxc4 bxc4
15. e5 Ne8 16. Rhf1 Qc8 17. f5 dxe5 18. fxe6 Bxe6 19. Qxe5 Bf6 20. Qg3 Kh8 21.
Ne4 Be7 22. Qe5 c3 23. Nxc3 Bd6 24. Qa5 Rb8 25. Ne4 Qb7 26. Nxd6 Qxb2+ 27. Kd2
Nxd6 28. Qxa6 Ne4+ 29. Ke2 Bg4+ 30. Nf3 Qxc2+ 31. Ke1 Rfe8 32. Qd3 Qc7 33. Rc1
Qa5+ 34. Nd2 Rbd8 35. Qc2 Nxd2 36. Kf2 Nxf1 37. Rxf1 Qf5+ 38. Qxf5 Bxf5 39. Bc5
h6 40. Kg1 Bg6 41. Bb4 Re2 42. Rc1 Rd5 43. Ra1 Rg5 44. g3 Rf5 45. a4 Rff2 46.
a5 Rg2+ 47. Kf1 Rxh2 48. Bc5 Bd3 49. a6 Ra2+ 0-1

[Event "C.to Mondiale U12"]
[Site "Iraklio GRE"]
[Date "2002.11.16"]
[Round "2"]
[White "Bonafede, Alessandro"]
[Black "Susilodinata, Andrean"]
[Result "1-0"]
[WhiteElo "1842"]
[BlackElo "2242"]
[PlyCount "101"]
[EventDate "2002.11.15"]

1. e4 c6 2. d3 d5 3. Nd2 e5 4. g3 Nf6 5. Bg2 Bd6 6. Ngf3 O-O 7. O-O Nbd7 8. Re1
Re8 9. c3 a5 10. a4 Nc5 11. Qc2 h6 12. h4 Bg4 13. Nh2 Bh5 14. Nhf1 Bf8 15. Nb3
Qb6 16. Nfd2 Rad8 17. Nxc5 Bxc5 18. Nb3 Bxf2+ 19. Qxf2 Qxb3 20. Ra3 Ng4 21.
Rxb3 Nxf2 22. Kxf2 dxe4 23. Bxe4 f5 24. Bg2 Rxd3 25. Rxb7 e4 26. Rb6 Re6 27.
Ra6 Rg6 28. Bf4 Rg4 29. Rxa5 g5 30. hxg5 hxg5 31. Bxe4 fxe4 32. Rxg5+ Rxg5 33.
Bxg5 Rf3+ 34. Kg2 Rf5 35. Bf4 Bf3+ 36. Kf2 Rh5 37. Ke3 Rh2 38. b4 Ra2 39. a5 c5
40. Bd6 c4 41. Bf4 Kf7 42. Kd4 Kf6 43. Kxc4 Kf5 44. Kb3 Rh2 45. a6 Rh7 46. b5
Ra7 47. Be3 Rd7 48. a7 Bd1+ 49. Rxd1 Rxd1 50. a8=Q Rd3 51. Qf8+ 1-0

[Event "C.to Mondiale U12"]
[Site "Iraklio GRE"]
[Date "2002.11.17"]
[Round "3"]
[White "Pileckis, Emilis"]
[Black "Bonafede, Alessandro"]
[Result "1-0"]
[WhiteElo "2189"]
[BlackElo "1842"]
[PlyCount "91"]
[EventDate "2002.11.15"]

1. d4 f5 2. g3 Nf6 3. Bg2 g6 4. Nh3 Bg7 5. O-O O-O 6. Nd2 d6 7. d5 c6 8. c4
cxd5 9. cxd5 Na6 10. Nf4 Nc5 11. b4 Nfe4 12. bxc5 Bxa1 13. Nxe4 fxe4 14. Bxe4
dxc5 15. Ba3 Be5 16. Nd3 Bd6 17. Bxc5 Bxc5 18. Nxc5 Qd6 19. Qd4 b6 20. Nd3 Bb7
21. Rd1 Rad8 22. Ne5 Qc5 23. Qxc5 bxc5 24. Bg2 Rf5 25. f4 Rf6 26. e4 Ra6 27.
Rd2 e6 28. Nd3 Rc8 29. Bh3 c4 30. Nb4 c3 31. Rc2 Rb6 32. Bxe6+ Rxe6 33. dxe6
Bxe4 34. Rc1 Rc4 35. Nc2 Bxc2 36. Rxc2 Kf8 37. Kf2 Ke7 38. Ke3 Kxe6 39. Kd3 Rc6
40. Rxc3 Rxc3+ 41. Kxc3 Kf5 42. Kd3 Kg4 43. Ke3 Kh3 44. Kf2 h5 45. Kg1 a6 46.
a3 1-0

[Event "C.to Mondiale U12"]
[Site "Iraklio GRE"]
[Date "2002.11.21"]
[Round "8"]
[White "Bonafede, Alessandro"]
[Black "Andreikin, Dmitry"]
[Result "0-1"]
[WhiteElo "1842"]
[BlackElo "2332"]
[PlyCount "30"]
[EventDate "2002.11.15"]

1. e4 c5 2. Nf3 Nc6 3. d4 cxd4 4. Nxd4 Qb6 5. Nb5 Nf6 6. N1c3 a6 7. Na3 e6 8.
Nc4 Qc7 9. a4 Bb4 10. Qf3 d5 11. Nd2 O-O 12. Be2 Ne5 13. Qg3 d4 14. Na2 Nxe4
15. Qf4 Nd3+ 0-1

[Event "C.to Mondiale U14"]
[Site "Iraklio GRE"]
[Date "2002.11.15"]
[Round "1"]
[White "Rombaldoni, Denis"]
[Black "Ramirez, Alejandro"]
[Result "0-1"]
[WhiteElo "2061"]
[BlackElo "2421"]
[PlyCount "54"]
[EventDate "2002.11.15"]

1. d4 Nf6 2. c4 g6 3. Nc3 Bg7 4. Nf3 O-O 5. Bg5 c5 6. d5 d6 7. e3 a6 8. a4 e6
9. Be2 h6 10. Bh4 exd5 11. cxd5 Re8 12. h3 Nbd7 13. Bg3 Ne4 14. Nxe4 Rxe4 15.
Qc2 Rb4 16. Ra2 Nf6 17. O-O Nxd5 18. e4 Nf6 19. e5 Ne4 20. exd6 Nxg3 21. fxg3
Qxd6 22. Bc4 Rxc4 23. Qxc4 Be6 24. Qc2 Bxa2 25. b3 c4 26. Qxa2 Qb6+ 27. Rf2
cxb3 0-1

[Event "C.to Mondiale U16"]
[Site "Iraklio GRE"]
[Date "2002.11.16"]
[Round "2"]
[White "Wojtaszek, Radoslaw"]
[Black "Brunello, Sabino"]
[Result "1-0"]
[WhiteElo "2452"]
[BlackElo "2223"]
[PlyCount "83"]
[EventDate "2002.11.15"]

1. d4 d5 2. c4 e6 3. Nc3 Nf6 4. cxd5 exd5 5. Bg5 Be7 6. Qc2 c6 7. e3 Nbd7 8.
Bd3 O-O 9. Nf3 Re8 10. O-O Nf8 11. h3 Nh5 12. Bxe7 Qxe7 13. Rab1 Nf6 14. b4 Ne4
15. b5 Nxc3 16. Qxc3 cxb5 17. Rxb5 Be6 18. Rc5 Rac8 19. Rc1 b6 20. Rxc8 Rxc8
21. Qb2 Qb7 22. Rxc8 Qxc8 23. Qa3 Qc7 24. Nd2 Ng6 25. Nb1 Nh4 26. Nc3 Qd8 27.
Qxa7 g6 28. Ne2 Bf5 29. Bxf5 Nxf5 30. Nf4 h5 31. Qb7 Ne7 32. h4 Qd6 33. g3 Kg7
34. Kg2 Kh6 35. Nd3 f6 36. Nf4 Kg7 37. Kg1 Kh6 38. Qa8 Kg7 39. Qe8 f5 40. Kg2
Qf6 41. Qd7 Qf7 42. Qb7 1-0

[Event "C.to Mondiale U16"]
[Site "Iraklio GRE"]
[Date "2002.11.17"]
[Round "4"]
[White "Stellwagen, Daniel"]
[Black "Brunello, Sabino"]
[Result "1-0"]
[WhiteElo "2426"]
[BlackElo "2223"]
[PlyCount "61"]
[EventDate "2002.11.15"]

1. e4 e5 2. Nf3 Nc6 3. Bb5 d6 4. d4 Bd7 5. O-O Nf6 6. Re1 Be7 7. Nc3 exd4 8.
Nxd4 O-O 9. Bf1 Nxd4 10. Qxd4 Bc6 11. b4 a6 12. Bb2 Nd7 13. Nd5 Bf6 14. Nxf6+
Qxf6 15. c4 Qxd4 16. Bxd4 Rfe8 17. f3 b6 18. Rec1 a5 19. c5 dxc5 20. bxc5 b5
21. a3 Nf6 22. Rab1 Reb8 23. Rb2 Rb7 24. Rcb1 Rab8 25. Bc3 a4 26. Rd1 Be8 27.
Rbd2 c6 28. Be5 Ra8 29. Rd8 Rba7 30. Bxb5 Nd5 31. Bb8 1-0

[Event "C.to Mondiale U16"]
[Site "Iraklio GRE"]
[Date "2002.11.21"]
[Round "8"]
[White "Deepan, Chakkravarthy J."]
[Black "Brunello, Sabino"]
[Result "1-0"]
[WhiteElo "2355"]
[BlackElo "2223"]
[PlyCount "117"]
[EventDate "2002.11.15"]

1. e4 e5 2. Nf3 Nc6 3. Bb5 d6 4. Bxc6+ bxc6 5. d4 exd4 6. Nxd4 Bd7 7. O-O Be7
8. c4 Nf6 9. Nc3 O-O 10. b3 h6 11. Bb2 Nh7 12. Qd2 Bf6 13. Rad1 c5 14. Nf5 Bxf5
15. exf5 Bd4 16. Nd5 Bxb2 17. Qxb2 Nf6 18. Ne3 Re8 19. Qa3 Qb8 20. Qa4 Qb7 21.
h3 Re5 22. Rd3 Rae8 23. Rfd1 Nh5 24. Nd5 Re1+ 25. Rxe1 Rxe1+ 26. Kh2 c6 27. Qa5
Re5 28. Qd8+ Kh7 29. Ne3 d5 30. Qd6 dxc4 31. bxc4 Re8 32. Qd7 Re7 33. Qxb7 Rxb7
34. Ra3 Nf4 35. g3 Ne2 36. Ra5 Nc3 37. Kg2 Rb2 38. Rxa7 Rxa2 39. Rxf7 Ne4 40.
Ng4 h5 41. Re7 hxg4 42. Rxe4 gxh3+ 43. Kxh3 Rxf2 44. Kg4 Rd2 45. Kh5 Rh2+ 46.
Kg5 Kg8 47. g4 Kf7 48. Re5 Rh6 49. Rxc5 Rd6 50. Ra5 Rd4 51. Ra7+ Kf8 52. c5 Rc4
53. Rc7 Rxc5 54. Kg6 Rc4 55. g5 Rg4 56. Rxc6 Rg1 57. Rc8+ Ke7 58. Rc7+ Kf8 59.
Rf7+ 1-0

[Event "C.to Mondiale U18"]
[Site "Iraklio GRE"]
[Date "2002.11.15"]
[Round "1"]
[White "Arutinian, David"]
[Black "Braschi, Giancarlo"]
[Result "1-0"]
[WhiteElo "2449"]
[BlackElo "2136"]
[PlyCount "73"]
[EventDate "2002.11.15"]

1. e4 c5 2. Nf3 Nc6 3. d4 cxd4 4. Nxd4 e5 5. Nb5 d6 6. c4 Be7 7. Bd3 a6 8. N5c3
Bg5 9. Be3 Bxe3 10. fxe3 Qh4+ 11. g3 Qd8 12. O-O Nge7 13. Nd2 O-O 14. Qe2 Be6
15. a3 Rc8 16. b4 Nb8 17. Rac1 Nd7 18. Bb1 Nf6 19. Nd5 Nexd5 20. exd5 Bh3 21.
Rfe1 Ng4 22. Bf5 Qg5 23. Bxc8 Rxc8 24. Ne4 Qg6 25. Nf2 Nxf2 26. Qxf2 Qe4 27.
Qc2 Qf3 28. Qd2 b6 29. Rc3 Rd8 30. e4 Qf6 31. Qf2 Qxf2+ 32. Kxf2 f5 33. exf5
Rf8 34. c5 Rxf5+ 35. Rf3 bxc5 36. Rxf5 Bxf5 37. bxc5 1-0

[Event "III Weekend A"]
[Site "Novara ITA"]
[Date "2002.11.01"]
[Round "1"]
[White "Aranovitch, Emiliano"]
[Black "Barberi, Alessandro"]
[Result "0-1"]
[WhiteElo "2192"]
[BlackElo "2094"]
[PlyCount "38"]
[EventDate "2002.11.01"]

1. e4 c5 2. Nf3 d6 3. c3 Nf6 4. Be2 g6 5. O-O Bg7 6. Bb5+ Bd7 7. Bxd7+ Qxd7 8.
Qe2 O-O 9. d4 cxd4 10. cxd4 Nc6 11. Nc3 e5 12. dxe5 dxe5 13. Rd1 Nd4 14. Nxd4
exd4 15. Be3 Ng4 16. Nd5 Nxe3 17. fxe3 Rae8 18. exd4 Qxd5 19. e5 f6 0-1

[Event "III Weekend A"]
[Site "Novara ITA"]
[Date "2002.11.01"]
[Round "1"]
[White "Berni, Fabrizio"]
[Black "Laketic, Gojko"]
[Result "0-1"]
[WhiteElo "2117"]
[BlackElo "2444"]
[PlyCount "76"]
[EventDate "2002.11.01"]

1. e4 c6 2. d4 d5 3. Nc3 dxe4 4. Nxe4 Bf5 5. Ng3 Bg6 6. Bc4 e6 7. N1e2 Nf6 8.
O-O Nbd7 9. Nf4 Nb6 10. Bb3 Nbd5 11. Nfh5 Nxh5 12. Nxh5 Qh4 13. Ng3 O-O-O 14.
c3 e5 15. dxe5 Nf6 16. Qf3 Ng4 17. h3 Nxe5 18. Qf4 Qxf4 19. Bxf4 Nd3 20. Be3 b6
21. Rab1 Nc5 22. Rbc1 Nxb3 23. axb3 c5 24. Ne2 Bd6 25. Nf4 Be4 26. Rfe1 Rhe8
27. Re2 Bc6 28. Ree1 Re4 29. Nd3 Bc7 30. Rcd1 f5 31. Nc1 Rxd1 32. Rxd1 f4 33.
Bd2 f3 34. gxf3 Re6 35. f4 Rg6+ 36. Kf1 Rh6 37. Ne2 Rxh3 38. Ng3 g5 0-1

[Event "III Weekend A"]
[Site "Novara ITA"]
[Date "2002.11.01"]
[Round "1"]
[White "Bozzali, Ermanno"]
[Black "De Lillo, Michele"]
[Result "1/2-1/2"]
[WhiteElo "2135"]
[BlackElo "1728"]
[PlyCount "44"]
[EventDate "2002.11.01"]

1. d4 Nf6 2. Nf3 g6 3. Bg5 Bg7 4. c3 d5 5. Nbd2 Nc6 6. h3 O-O 7. e3 Qe8 8. Bf4
Qd8 9. Bb5 Bd7 10. O-O e5 11. Bxc6 exf4 12. Bxb7 Rb8 13. Ba6 fxe3 14. fxe3 Rxb2
15. Nb3 Bxh3 16. gxh3 Qd6 17. Nfd2 Qg3+ 18. Kh1 Qxh3+ 19. Kg1 Qg3+ 20. Kh1 Ng4
21. Qe2 Qh3+ 22. Kg1 Qg3+ 1/2-1/2

[Event "III Weekend A"]
[Site "Novara ITA"]
[Date "2002.11.01"]
[Round "1"]
[White "Castaldo, Folco"]
[Black "Bemporad, Filippo"]
[Result "1/2-1/2"]
[WhiteElo "2338"]
[BlackElo "2108"]
[PlyCount "129"]
[EventDate "2002.11.01"]

1. Nf3 d5 2. d4 Nf6 3. c4 c6 4. cxd5 cxd5 5. Nc3 Nc6 6. Ne5 e6 7. Nxc6 bxc6 8.
g3 c5 9. Bg2 cxd4 10. Qxd4 Be7 11. O-O O-O 12. b3 Bb7 13. Bb2 Qb6 14. Na4 Qxd4
15. Bxd4 Rfc8 16. Rfc1 Ba3 17. Bb2 Bxb2 18. Nxb2 Rxc1+ 19. Rxc1 Rc8 20. Rxc8+
Bxc8 21. f4 Kf8 22. Bf3 Ke7 23. Kf2 Kd6 24. Ke3 Nd7 25. Kd4 f6 26. e3 Ba6 27.
Kc3 Nb8 28. b4 Bf1 29. a4 e5 30. Bg4 h6 31. Bf5 Kc6 32. Bd3 Bxd3 33. Nxd3 Kd6
34. f5 Nc6 35. g4 d4+ 36. exd4 Nxd4 37. Kc4 h5 38. h3 hxg4 39. hxg4 Kc6 40. Nf2
Nc2 41. Kc3 Ne3 42. Kd3 Nd5 43. Kc4 Nb6+ 44. Kb3 Kd5 45. b5 e4 46. a5 Nd7 47.
Kc3 e3 48. Nd3 Ke4 49. b6 Nxb6 50. axb6 axb6 51. Nc1 Kf4 52. Kd3 Kxg4 53. Ke4
e2 54. Nxe2 b5 55. Ke3 Kxf5 56. Nc1 Ke5 57. Ne2 g5 58. Nc1 f5 59. Nb3 Kd5 60.
Kd3 f4 61. Nd2 b4 62. Ne4 f3 63. Nxg5 f2 64. Ke2 b3 65. Nf3 1/2-1/2

[Event "III Weekend A"]
[Site "Novara ITA"]
[Date "2002.11.01"]
[Round "1"]
[White "Mazzariol, Oscar"]
[Black "Borroni, Enrico"]
[Result "1-0"]
[WhiteElo "2141"]
[BlackElo "1950"]
[PlyCount "77"]
[EventDate "2002.11.01"]

1. e4 c6 2. d4 d5 3. exd5 cxd5 4. c4 Nf6 5. Nc3 e6 6. Bg5 Be7 7. Nf3 O-O 8. a3
dxc4 9. Bxc4 a6 10. O-O b5 11. Ba2 Nc6 12. Re1 Bb7 13. b4 Rc8 14. Qd3 Qd6 15.
Rad1 Rfd8 16. Bxf6 Bxf6 17. Ne4 Qe7 18. d5 Nb8 19. d6 Bxe4 20. Rxe4 Qb7 21. Ne5
Bxe5 22. Rxe5 Nd7 23. Rh5 g6 24. Rh4 Qc6 25. Qe3 Nf8 26. Rhd4 Qc3 27. R4d3 Qc6
28. h4 h5 29. Qd4 Nd7 30. Rg3 Nf8 31. Bb1 Qc4 32. Qf6 Rd7 33. Bd3 Qa2 34. Qe5
Kh7 35. Qxh5+ Kg8 36. Qe5 Qd5 37. Qxd5 exd5 38. Bf5 Ne6 39. Rxd5 1-0

[Event "III Weekend A"]
[Site "Novara ITA"]
[Date "2002.11.01"]
[Round "1"]
[White "Moncelli, Giorgio"]
[Black "Aglietti, Graziano"]
[Result "0-1"]
[WhiteElo "2166"]
[BlackElo "2064"]
[PlyCount "94"]
[EventDate "2002.11.01"]

1. g3 Nf6 2. Bg2 e5 3. d3 d5 4. Nf3 Nc6 5. O-O Be7 6. c4 dxc4 7. Qa4 Bd7 8.
Qxc4 O-O 9. Qc2 Qc8 10. Re1 Bh3 11. Bh1 Ng4 12. Nc3 Qf5 13. Nd5 Bd6 14. Ne3 Nd4
15. Qd1 Qh5 16. Nxg4 Bxg4 17. Be3 Bb4 18. Rf1 Bh3 19. Nxd4 Bxf1 20. Qxf1 exd4
21. Bxd4 c6 22. Qd1 Rfe8 23. Bf3 Qf5 24. Qb3 Bc5 25. Bxc5 Qxc5 26. Qxb7 Rab8
27. Qxc6 Qxc6 28. Bxc6 Rxe2 29. b3 Rc8 30. Kf1 Rd2 31. Re1 Rxd3 32. Ke2 Rd6 33.
Be4 Kf8 34. Rd1 Ke7 35. Rxd6 Kxd6 36. Kd2 Ke5 37. f3 f5 38. Bb7 Rc7 39. Ba6 Rc6
40. Be2 Rh6 41. Ke3 Rxh2 42. f4+ Kf6 43. b4 Rh1 44. b5 Ra1 45. Bc4 Rd1 46. Ke2
Rd4 47. Bd3 Ra4 0-1

[Event "III Weekend A"]
[Site "Novara ITA"]
[Date "2002.11.01"]
[Round "1"]
[White "Radice, Luca"]
[Black "Ranieri, Fabrizio"]
[Result "1-0"]
[WhiteElo "2077"]
[BlackElo "2173"]
[PlyCount "95"]
[EventDate "2002.11.01"]

1. d4 e6 2. c4 d5 3. Nc3 Nf6 4. Bg5 Nbd7 5. e3 c6 6. Nf3 Qa5 7. cxd5 Bb4 8. Qb3
Ne4 9. Rc1 Nxg5 10. Nxg5 exd5 11. a3 Be7 12. Nf3 O-O 13. Bd3 f5 14. O-O Kh8 15.
Qc2 g6 16. Ne2 Nf6 17. Ne5 Qc7 18. Nf4 Kg7 19. Qc3 Bd6 20. g3 g5 21. Nh3 Ne4
22. Qc2 Bxe5 23. dxe5 Qxe5 24. f3 Nd6 25. Rfe1 h6 26. Nf2 Bd7 27. e4 fxe4 28.
fxe4 dxe4 29. Nxe4 Nxe4 30. Rxe4 Qd6 31. Qc3+ Rf6 32. Rf1 Raf8 33. Re3 Bh3 34.
Rf2 c5 35. Re4 R8f7 36. Bc4 Rf8 37. Bd3 Bd7 38. h4 Bc6 39. hxg5 hxg5 40. Rg4
Qd5 41. Re4 b5 42. Rf5 Qd6 43. Rg4 Kf7 44. Rgxg5 Rh8 45. Rxf6+ Qxf6 46. Rf5
Rh1+ 47. Kf2 Rh2+ 48. Ke3 1-0

[Event "III Weekend A"]
[Site "Novara ITA"]
[Date "2002.11.01"]
[Round "1"]
[White "Recanatini, Italo"]
[Black "Raineri, Valerio"]
[Result "0-1"]
[WhiteElo "1878"]
[BlackElo "2139"]
[PlyCount "82"]
[EventDate "2002.11.01"]

1. e4 e5 2. Nf3 Nc6 3. Bb5 a6 4. Bxc6 dxc6 5. d4 exd4 6. Qxd4 Qxd4 7. Nxd4 Bd7
8. Be3 O-O-O 9. Nd2 f6 10. O-O-O Ne7 11. Ne2 Ng6 12. Bf4 Nxf4 13. Nxf4 Bd6 14.
Nd3 Rhe8 15. f3 Be6 16. a3 c5 17. g3 g5 18. Nb1 c4 19. Nb4 c6 20. c3 Bc5 21.
Nc2 Rd3 22. Rxd3 cxd3 23. Nd4 Bxd4 24. cxd4 Rd8 25. Kd2 Rxd4 26. Kc3 c5 27. Nd2
Rd7 28. f4 b5 29. fxg5 fxg5 30. Rf1 a5 31. b4 axb4+ 32. axb4 c4 33. Rf6 Re7 34.
Nf3 Rf7 35. Rxe6 Rxf3 36. Re5 Rf2 37. Rc5+ Kd7 38. Rxb5 Rc2+ 39. Kd4 d2 40.
Rd5+ Ke6 41. Ke3 c3 0-1

[Event "III Weekend A"]
[Site "Novara ITA"]
[Date "2002.11.01"]
[Round "1"]
[White "Sbarra, Marco"]
[Black "Volpi, Davide"]
[Result "1-0"]
[WhiteElo "2220"]
[BlackElo "2100"]
[PlyCount "123"]
[EventDate "2002.11.01"]

1. e4 d6 2. d4 Nf6 3. Nc3 g6 4. Be3 Bg7 5. Qd2 Nc6 6. Nf3 Bg4 7. Be2 O-O 8.
O-O-O e5 9. d5 Ne7 10. Kb1 Ne8 11. Ng1 Bxe2 12. Ngxe2 f5 13. f3 c6 14. dxc6
bxc6 15. Nc1 Qc7 16. Nb3 Rd8 17. Bh6 Bxh6 18. Qxh6 Ng7 19. Rhe1 d5 20. Nc5 Qb8
21. h4 fxe4 22. fxe4 d4 23. N3a4 Rf4 24. Qg5 Re8 25. g3 Rf3 26. Rf1 Rxf1 27.
Rxf1 Qb5 28. Rf2 Kh8 29. b3 Ng8 30. g4 Qb8 31. h5 Qd6 32. hxg6 Rf8 33. Rxf8
Qxf8 34. Qxe5 Qf6 35. Qxf6 Nxf6 36. g5 Ng4 37. gxh7 Kxh7 38. Nb2 Kg6 39. Nbd3
Kxg5 40. Nb4 Ne5 41. Ncd3 c5 42. Nxc5 Ne8 43. Ne6+ Kf6 44. Nxd4 Nd6 45. Nbc6 a6
46. Nxe5 Kxe5 47. c3 Kxe4 48. Kc2 Kd5 49. Kd3 Kc5 50. c4 a5 51. Nc2 Nf7 52. a3
Ne5+ 53. Kc3 Nc6 54. b4+ Kb6 55. c5+ Ka6 56. Nd4 Na7 57. Kc4 axb4 58. axb4 Kb7
59. b5 Nc8 60. Kd5 Kc7 61. Nf5 Kd7 62. b6 1-0

[Event "III Weekend A"]
[Site "Novara ITA"]
[Date "2002.11.01"]
[Round "2"]
[White "Aglietti, Graziano"]
[Black "Castaldo, Folco"]
[Result "1-0"]
[WhiteElo "2064"]
[BlackElo "2338"]
[PlyCount "71"]
[EventDate "2002.11.01"]

1. e4 c5 2. Nc3 e6 3. g3 Nc6 4. Bg2 g6 5. f4 Bg7 6. Nf3 d6 7. O-O Nge7 8. d3
O-O 9. Ne2 b6 10. c3 Ba6 11. g4 f5 12. exf5 exf5 13. gxf5 Nxf5 14. Ng5 Qd7 15.
Qb3+ Kh8 16. Qd5 Bb7 17. Qe6 Qc7 18. Ng3 Rae8 19. Qb3 Na5 20. Qc2 h6 21. Nxf5
gxf5 22. Nf3 Bf6 23. Qf2 Rg8 24. Kh1 Rg4 25. h3 Rg6 26. Bd2 Reg8 27. Rg1 Nc6
28. Nh4 Bxh4 29. Qxh4 Nd4 30. cxd4 Qg7 31. d5 Qxb2 32. Qe1 Kh7 33. Bc3 Bxd5 34.
Qe7+ R8g7 35. Qxg7+ Rxg7 36. Bxb2 1-0

[Event "III Weekend A"]
[Site "Novara ITA"]
[Date "2002.11.01"]
[Round "2"]
[White "Bemporad, Filippo"]
[Black "Giordani, Marco"]
[Result "0-1"]
[WhiteElo "2108"]
[BlackElo "2097"]
[PlyCount "95"]
[EventDate "2002.11.01"]

1. d4 e6 2. Nf3 Nf6 3. g3 b6 4. Bg2 Bb7 5. O-O Be7 6. c4 O-O 7. Nc3 Ne4 8. Qc2
Nxc3 9. Qxc3 f5 10. b3 Bf6 11. Bb2 d6 12. Qd2 a5 13. Rfd1 Nd7 14. Rac1 Qe7 15.
Ba3 Be4 16. Qe3 Rae8 17. c5 b5 18. cxd6 cxd6 19. Rc7 b4 20. Bb2 Rc8 21. Rdc1
Rxc7 22. Rxc7 Qd8 23. Rc1 Nb6 24. Ne1 Bg5 25. f4 Nd5 26. Qd2 Bf6 27. Bxe4 fxe4
28. Ng2 Qb6 29. e3 Qb5 30. Kf2 Ne7 31. Ne1 g5 32. Qe2 Qf5 33. Kg2 gxf4 34. exf4
Qd5 35. Rc4 Nf5 36. Nc2 Qb7 37. Qd2 Qg7 38. Kh1 Qg4 39. Ne1 e3 40. Qd3 Nxg3+
41. hxg3 Qh3+ 42. Kg1 Qxg3+ 43. Ng2 Qf2+ 44. Kh2 Qxb2 45. Rc7 Bg7 46. Qxe3 Re8
47. f5 Qxd4 48. Qg3 0-1

[Event "III Weekend A"]
[Site "Novara ITA"]
[Date "2002.11.01"]
[Round "2"]
[White "Borroni, Enrico"]
[Black "Berni, Fabrizio"]
[Result "1/2-1/2"]
[WhiteElo "1950"]
[BlackElo "2117"]
[PlyCount "48"]
[EventDate "2002.11.01"]

1. d4 d6 2. c4 g6 3. Nc3 Bg7 4. e4 Nc6 5. Be3 e5 6. d5 Nce7 7. Bd3 f5 8. f3 Nf6
9. Nge2 O-O 10. Qd2 c6 11. Bh6 f4 12. Bxg7 Kxg7 13. O-O-O cxd5 14. Nxd5 Nexd5
15. cxd5 Bd7 16. Qb4 Qb8 17. Kb1 b5 18. Qa5 Qb7 19. Rc1 Rac8 20. Rxc8 Rxc8 21.
Rc1 Rxc1+ 22. Nxc1 Kf7 23. Qd8 Ne8 24. Nb3 Qc7 1/2-1/2

[Event "III Weekend A"]
[Site "Novara ITA"]
[Date "2002.11.01"]
[Round "2"]
[White "De Lillo, Michele"]
[Black "Aranovitch, Emiliano"]
[Result "0-1"]
[WhiteElo "1728"]
[BlackElo "2192"]
[PlyCount "58"]
[EventDate "2002.11.01"]

1. e4 c5 2. Nf3 d6 3. d4 cxd4 4. Nxd4 Nf6 5. Nc3 Nc6 6. Bg5 e6 7. Qd2 Nxd4 8.
Qxd4 Be7 9. Bb5+ Bd7 10. Bxd7+ Qxd7 11. f3 Qc6 12. O-O-O O-O 13. Kb1 Rfc8 14.
Qd3 a6 15. h4 b5 16. Ne2 Rc7 17. g4 Rac8 18. c3 Qb7 19. Rc1 d5 20. e5 Nd7 21.
Qe3 Bc5 22. Qf4 b4 23. c4 Bf8 24. cxd5 Qxd5 25. Rcd1 Qxe5 26. Qd2 Rc2 27. Qxc2
Rxc2 28. Kxc2 Qxe2+ 29. Kb1 Qxf3 0-1

[Event "III Weekend A"]
[Site "Novara ITA"]
[Date "2002.11.01"]
[Round "2"]
[White "De Santis, Alessio"]
[Black "Radice, Luca"]
[Result "1-0"]
[WhiteElo "2267"]
[BlackElo "2077"]
[PlyCount "49"]
[EventDate "2002.11.01"]

1. d4 d5 2. c4 Bf5 3. Nc3 e6 4. e3 Nf6 5. Qb3 Nc6 6. c5 e5 7. Nf3 exd4 8. exd4
Rb8 9. Bb5 a6 10. Bxc6+ bxc6 11. Qa4 Qc8 12. O-O Be7 13. Re1 Kf8 14. Ne5 Bd7
15. Nxd7+ Qxd7 16. Qxa6 h5 17. a4 Ng4 18. a5 g6 19. Qe2 Bf6 20. h3 Bxd4 21.
hxg4 hxg4 22. Be3 Re8 23. Bxd4 Rxe2 24. Rxe2 Rh7 25. a6 1-0